Salient points two : cameos of the Western Front, Ypres Sector, 1914-1918 /
Saved in:
| Main Author: | |
|---|---|
| Other Authors: | |
| Format: | Book |
| Language: | English |
| Published: |
London :
Leo Cooper,
1998.
|
| Subjects: | |
| Tags: |
Add Tag
No Tags, Be the first to tag this record!
|
| LEADER | 00992nam a2200265Ma 4500 | ||
|---|---|---|---|
| 001 | 007783302-3 | ||
| 005 | 20040908163637.0 | ||
| 008 | 990210s1998 enkab b 000 0 eng d | ||
| 020 | |a 0850526108 | ||
| 035 | 0 | |a ocm43205942 | |
| 040 | |a EQO |c EQO | ||
| 043 | |a e-be--- | ||
| 100 | 1 | |a Spagnoly, Tony, |d 1928- | |
| 245 | 1 | 0 | |a Salient points two : |b cameos of the Western Front, Ypres Sector, 1914-1918 / |c by Tony Spagnoly and Ted Smith ; with an introduction by Martin Middlebrook. |
| 246 | 3 | 0 | |a Cameos of the Western Front, Ypres Sector 1914-1918 |
| 260 | |a London : |b Leo Cooper, |c 1998. | ||
| 300 | |a xx, 137 p. : |b ill., maps ; |c 22 cm. | ||
| 504 | |a Includes bibliographical references and index. | ||
| 650 | 0 | |a Ypres, 1st Battle of, Ieper, Belgium, 1914. | |
| 650 | 0 | |a Ypres, 2nd Battle of, Ieper, Belgium, 1915. | |
| 650 | 0 | |a Ypres, 3rd Battle of, Ieper, Belgium, 1917. | |
| 650 | 0 | |a World War, 1914-1918 |x Campaigns |z Belgium. | |
| 700 | 1 | |a Smith, Ted, |d 1936- | |
| 988 | |a 20040908 | ||
| 906 | |0 OCLC | ||


